| 000 | 00956nam0a22002891 4500 | ||
|---|---|---|---|
| 001 | RU\NLR\INFOCOMM_161\5000084719 | ||
| 005 | 20250613100302.0 | ||
| 010 |
_910000 экз. _bВ пер. _d22 р. |
||
| 035 | _a(NLR Aleph) 009334178 | ||
| 090 |
_a9472038 _c9472038 |
||
| 100 | _a20101017d1958 |||y0rusy50 ca | ||
| 101 | 1 |
_aeng _crus |
|
| 102 | _aRU | ||
| 105 | _aa ||||000|y | ||
| 200 | 1 |
_aMountain trails _fGrigory Fedoseyev _g[Transl. from the Rus. by G. H. Hanna] |
|
| 210 |
_aM. _cForeign languages publ. house _d[1958] |
||
| 215 |
_a494 с.; 10 л. ил. _cил. _d21 см |
||
| 225 | 1 | _aLibr. of selected Soviet literature | |
| 686 |
_aЛх-рс1078(англ.) _2rubbk |
||
| 686 |
_aГг10-708 _2rubbk |
||
| 700 | 1 |
_9z02790 _aFedoseev _bG. A. _f1899-1968 _gGrigorij Anisimovič _4070 |
|
| 790 | 1 |
_9z02700 _aFedoseyev _bG. _gGrigory _4070 |
|
| 801 | 1 |
_aRU _bNLR _c20101017 |
|
| 801 | 0 |
_aRU _bNLR _gPSBO |
|
| 852 |
_aNLR _jЛ31 Г-3/1177 |
||
| 942 | _cBOOK | ||
| 980 | _aNB | ||